| 000 | 005180000a22001810004500 | ||
|---|---|---|---|
| 003 | LK-CoMWRAF | ||
| 005 | 20240319133549.0 | ||
| 008 | 230817t1995 ||||| |||| 00| 0 eng d | ||
| 040 |
_aLK-CoMWRAF _dLK-CoMWRAF _eLK-CoMWRAF |
||
| 041 | _aeng | ||
| 082 |
_a305.4 _bCAR |
||
| 100 | _aCarrillo, Roxanna | ||
| 245 |
_aViolence against women: _ban obstacle to development |
||
| 260 |
_aColombo: _bSocial Scientists Associations, _c1995 |
||
| 300 |
_a28 p. _bBibliography included |
||
| 650 | _aWOMEN, VIOLENCE | ||
| 942 | _cBK | ||
| 999 |
_c3117 _d3117 |
||